BSOP header

Roger's reasons : (Record no. 12193)

MARC details
000 -LEADER
fixed length control field 00597nam a2200145 4500
008 - FIXED-LENGTH DATA ELEMENTS--GENERAL INFORMATION
fixed length control field 020705s us eng
090 ## - LOCALLY ASSIGNED LC-TYPE CALL NUMBER (OCLC); LOCAL CALL NUMBER (OCLC)
Classification number (OCLC) (R) ; Classification number, CALL (RLIN) (NR) BS650
Local cutter number (OCLC) ; Book number/undivided call number, CALL (RLIN) Sci2u
100 1# - MAIN ENTRY--PERSONAL NAME
Personal name Urquhart, John
245 10 - TITLE STATEMENT
Title Roger's reasons :
Remainder of title a plain straightforward survey of the supposed inaccuracies of the Bible : under collective title "science and religion-collected works." /
Statement of responsibility, etc John Urquhart.
260 ## - PUBLICATION, DISTRIBUTION, ETC. (IMPRINT)
Place of publication, distribution, etc London :
Name of publisher, distributor, etc Pickering and Inglis,
Date of publication, distribution, etc .
300 ## - PHYSICAL DESCRIPTION
Extent 32 p.
650 #4 - SUBJECT ADDED ENTRY--TOPICAL TERM
Topical term or geographic name as entry element Bible
General subdivision Evidences, authorities, etc.
650 #4 - SUBJECT ADDED ENTRY--TOPICAL TERM
Topical term or geographic name as entry element Bible
General subdivision Questions and answers.
951 ## - EQUIVALENCE OR CROSS-REFERENCE-GEOGRAPHIC NAME/AREA NAME [OBSOLETE] [CAN/MARC only]
-- 9909
-- BS650/Sci2u
-- 070613111132171
-- 2000-12-21
-- GC
Holdings
Withdrawn status Lost status Damaged status Not for loan Home library Current library Shelving location Date acquired Accession number Shelving control number Total Checkouts Full call number Date last seen Price effective from Koha item type
        BSOP Library BSOP Library GC 12/21/2000 9909 127   BS650/Sci2u 02/23/2013 02/23/2013 Books
BSOP

Biblical Seminary of the Philippines
  All rights Reserved
  © 2024

CONTACT INFORMATION

Biblical Seminary of the Philippines,
  77-B Karuhatan Road, Valenzuela City,
  PHILIPPINES 1441
  Phone: +632 8292-6795 / 8292-6798
  Fax : +632 8292-6675
  Email: library@bsop.edu.ph